000 00412pab a2200133 454500
008 180718b1983 xxu||||| |||| 00| 0 eng d
100 _aLevine, E. Lester
245 _aCredentialism, meritocracy, and merit
_bEducational requirements and the public service
260 _c1983
300 _a267-90
650 _aProfessional Education
773 _aInternational Journal of Public Administration
909 _a16178
999 _c16178
_d16178